Biology Terms Quiz - Cells - Statistics

General Stats
  • This quiz has been taken 538 times
  • The average score is 10 of 32
Answer Stats
Hint Answer % Correct
All living things are made of ___. Cells
98%
Control center of the cell nucleus
60%
Movement of water across a membrane. Osmosis
60%
Organelle that makes ATP energy. mitochondria
55%
Movement of molecules from high to low concentration. Diffusion
54%
Organelle that makes proteins ribosomes
41%
Transport that uses ATP energy active transport
39%
Solution with higher solute concentration. Hypertonic
37%
Organelle that digests waste. lysosome
37%
Organelle that packages and ships proteins. golgi apparatus
36%
Solution with lower solute concentration. Hypotonic
36%
Solution with equal solute concentration. Isotonic
34%
ER with ribosomes rough endoplasmic reticulum
34%
Ribosomes can be ___ or bound to ER. free
33%
ER without ribosomes. smooth endoplasmic reticulum
33%
Location on enzyme where reaction happens active site
30%
Molecule that fits into enzyme active site. substrate
30%
Condensed DNA during cell division chromosomes
27%
Vesicle transport into the cell. endocytosis
25%
Vesicle transport out of the cell. exocytosis
25%
Membrane that surrounds the cell. Plasma membrane
24%
What is produced after enzyme reaction product
24%
Uncoiled DNA in the nucleus. chromatin
23%
Loss of enzyme shape due to heat or pH. denaturation
23%
Pores that allow material in and out of nucleus. nuclear pores
20%
Process mitochondria perform to make energy cellular respiration
19%
Double membrane around nucleus. nuclear envelope
17%
Pressure created by water movement. osmotic pressure
15%
You can only make cells from ___ cells. Pre-existing
15%
This ratio must be high for cells to survive. Surface Area to volume
11%
Process where lysosomes eat damaged cell parts autophagy
7%
Transport using protein channels, no energy required. facilitated transport
7%
No matching quizzes found
Score Distribution
Percent of People with Each Score
Percentile by Number Answered
Your Score History
You have not taken this quiz